000 00600cab a2200205 4500
001 X2972
008 090401t1995 xxu||||| |||| 00| 0 eng d
035 _a(Sirsi) u27595
041 _aeng
245 _aClaims
260 _c1995
350 _a0
490 _aCSM (Chartered Surveyor Monthly)
_v4(9) July/August 1995, 45(1)
520 _aLooks at how claims against surveyors arise, emphasising the importance of following standards and having insurance.
650 _aCLAIMS
650 _aPROFESSIONAL INDEMNITY INSURANCE
690 _aInsurance
_96249
942 _n0
948 _c04/03/1997
999 _c18578
_d18578